Music Quiz

Random Music or Bands Quiz

Muse Albums Quiz Stats

 Plays Quiz Updated Nov 9, 2018

Support Sporcle.
Go Orange.
Score 0/8 Timer 04:00
0 Plays Today
Year Album % Correct
2006Black Holes and Revelations
87.3%
2015Drones
84.7%
2003Absolution
84.3%
2001Origin of Symmetry
81.6%
1999Showbiz
80.3%
2009The Resistance
78.3%
2012The 2nd Law
77.1%
2018Simulation Theory
71.1%

You're not logged in!

Compare scores with friends on all Sporcle quizzes.
OR
Log In
Forgot?

From the Vault

The Disney Dictionary

by Disney_Eyeworks

Movies 4m
So is the word 'Disney' in the Disney Dictionary? That seems a little meta, right?
Remove Ads.
Support Sporcle.
Get the best of Sporcle when you Go Orange. This ad-free experience offers more features, more stats, and more fun while also helping to support Sporcle. Thank you for becoming a member.

Show Comments

Extras

Top Quizzes Today


Score Distribution

Your Account Isn't Verified!

In order to create a playlist on Sporcle, you need to verify the email address you used during registration. Go to your Sporcle Settings to finish the process.

Report this User

Report this user for behavior that violates our Community Guidelines.

Details: